000 00285nam a22001337a 4500
008 180803b xxu||||| |||| 00| 0 eng d
082 _a813.52
245 _aEconomics
_cBOYES.W
260 _c2002
300 _a1
_fCD
440 _x9780618054145
760 _b15 th
942 _2ddc
_cMX
999 _c46788
_d46788